000 00513nam a2200169Ia 4500
008 210716s2003 xx 000 0 und d
020 _a8120320654
041 _aeng
082 _a004.62 COMD
100 _aComer, Douglas E.
245 _aInternetworking with tcp/ip: principles protocols and architecture.
_bPrinciples protocols and architecture.
250 _a4
260 _aNew Delhi
_bPrentice Hall of India PVt Ltd
_c2003
300 _axxix,750
440 _v1
650 _aInternet,Working With TCP/IP
999 _c185588
_d185588